DESIGNERS GUIDE TO FUROCODES / (Record no. 587270)
[ view plain ]
| 000 -LEADER | |
|---|---|
| fixed length control field | 00349nam a22001217a 4500 |
| 040 ## - CATALOGING SOURCE | |
| Transcribing agency | FIZZA ISHAQ |
| 082 ## - DEWEY DECIMAL CLASSIFICATION NUMBER | |
| Classification number | 624.177 |
| Author Mark | RFR |
| 100 ## - MAIN ENTRY--PERSONAL NAME | |
| Personal name | COLL, DRIS R. BAUDIN C. FRANK R. |
| 9 (RLIN) | 86262 |
| 245 ## - TITLE STATEMENT | |
| Title | DESIGNERS GUIDE TO FUROCODES / |
| Statement of responsibility, etc. | R. FRANK C. BAUDIN R. DRIS COLL. |
| 260 ## - PUBLICATION, DISTRIBUTION, ETC. | |
| Place of publication, distribution, etc. | LONDON : |
| Name of publisher, distributor, etc. | THOMES TELLORD, |
| Date of publication, distribution, etc. | 2005. |
| 300 ## - PHYSICAL DESCRIPTION | |
| Extent | 216 P. ; |
| 942 ## - ADDED ENTRY ELEMENTS (KOHA) | |
| Source of classification or shelving scheme | |
| Koha item type | Book |
| Withdrawn status | Lost status | Source of classification or shelving scheme | Damaged status | Not for loan | Permanent Location | Current Location | Date acquired | Total Checkouts | Full call number | Date last seen | Copy number | Price effective from | Koha item type |
|---|---|---|---|---|---|---|---|---|---|---|---|---|---|
| NUST Baluchistan Campus (NBC) | NUST Baluchistan Campus (NBC) | 12/09/2021 | 624.177 RFR | 12/09/2021 | Q-2148 | 12/09/2021 | Book |
